Statistics for 千葉市の行政区-(地図付き)

Click here to take the quiz!

General Stats

  • This quiz has been taken 90 times
  • The average score is 5 of 6

Answers on the Map

Answers color-coded by a green-red scale on the quiz's map according to % correct below.
 

Answer Stats

% Correct
中央区
97%
緑区
83%
稲毛区
80%
美浜区
80%
花見川区
72%
若葉区
55%

Score Distribution

Percentile by Number Answered

Percent of People with Each Score

Your Score History

You have not taken this quiz